Noem een Belgische achtbaan - Statistieken

Algemene statistieken
  • Deze quiz is 20 keer genomen
    12 sinds de laatste reset
  • De gemiddelde score is 8 van 20
Antwoordstatistieken
Letter Achtbaan % Correct
T Tiki Waka / Turbine / Typhoon
80%
F Family Ride / Fun Pilot / Fury
70%
A Anubis: The Ride
60%
B Big Apple / Bob Express / Boomerang / Brazilian Buggies / Butterfly
60%
D Dawson Duel / Disco Twister / Draconis / Dragon / Dreamcatcher
60%
R Revolution / Ride To Happiness
60%
H Happy Caterpillar / Happy Garden / Heidi The Ride / Huracan
50%
L #LikeMe Coaster / Loup-Garou
50%
K K3 Roller Skater / Kondaa
40%
N Naga Bay
40%
P Pulsar
40%
V Vampire / Vicky The Ride
40%
C Calamity Mine / Canyon / Cobra
30%
M Mecalodon
30%
O Oki Doki / Orca Ride
30%
S Schtroumpfeur / Speedy Bob / Spyro / Supersplash
30%
W Wakala / Wickie Coaster / Wild Mouse
20%
E Elliott
0%
G Grand 8 / Grand Huit
0%
J Jubilé / Jumbo 5 / Jumbo Jet
0%
Geen overeenkomende quizzen gevonden
Scoreverdeling
Procent van Mensen met Elke Score
Percentiel versus Aantal Correcte Antwoorden
Uw Scoregeschiedenis
U heeft deze quiz nog niet genomen sinds de laatste reset